000 00446nam a2200181Ia 4500
001 20742
005 20260306172828.0
008 260306t2019||||xx |||||||||||||| ||spa||
041 _aESP
082 _a343.8
_bA47A
100 _aAlva Matteucci, Mario
_eAUT
245 0 _aManual de infracciones y sanciones tributarias
260 _c2019
300 _a532 páginas :
_c25 cm.
650 _aGEN
654 _aCDE
942 _cLIB
_dJUS
_fJUS
_2ddc
_n
999 _c20742
_d20742